000 00451 a2200169 4500
020 _a0030032784
040 _aDLC
_bDLC
082 0 0 _a510
100 1 _aHausner, Melvin,
245 1 0 _aDiscrete mathematics
_cMelvin Hausner.
260 _aFort Worth :
_bSaunders College Pub.,
_cc1992.
300 _axv, 720 p. :
_bcol. ill. ;
_c25 cm.
500 _aIncludes index.
650 0 _aMathematics.
650 0 _aComputer science
942 _cBK
_k511 HAU
_2ddc
999 _c7462
_d7462